UBT Library

Metal speciation and contamination of soil / (Record no. 40986)

000 -LEADER
fixed length control field 00735cam a2200229 a 4500
001 - CONTROL NUMBER
control field 653554
005 - DATE AND TIME OF LATEST TRANSACTION
control field 20180126072641.0
008 - FIXED-LENGTH DATA ELEMENTS--GENERAL INFORMATION
fixed length control field 940708s1995 fluab b 001 0 eng
010 ## - LIBRARY OF CONGRESS CONTROL NUMBER
LC control number 94029388
020 ## - INTERNATIONAL STANDARD BOOK NUMBER
International Standard Book Number 0873716973 (acidfree paper)
040 ## - CATALOGING SOURCE
Original cataloging agency DLC
Transcribing agency DLC
Modifying agency DLC
041 ## - LANGUAGE CODE
Language code of text/sound track or separate title eng
080 ## - UNIVERSAL DECIMAL CLASSIFICATION NUMBER
Universal Decimal Classification number 628.55 ALL
082 00 - DEWEY DECIMAL CLASSIFICATION NUMBER
Classification number 628.55 ALL
Edition number 20
100 ## - Rafti
Rafti 27
101 ## - Shkurtesa
Shkurtesa IM
245 00 - TITLE STATEMENT
Title Metal speciation and contamination of soil /
Statement of responsibility, etc edited by Herbert E. Allen ... [et al.].
504 ## - BIBLIOGRAPHY, ETC. NOTE
Bibliography, etc Includes bibliographical references and index.
906 ## - LOCAL DATA ELEMENT F, LDF (RLIN)
a 7
b cbc
c orignew
d 1
e ocip
f 19
g y-gencatlg
942 ## - ADDED ENTRY ELEMENTS (KOHA)
Source of classification or shelving scheme
Item type Books
Holdings
Withdrawn status Lost status Source of classification or shelving scheme Damaged status Not for loan Collection code Permanent location Current location Shelving location Date acquired Total Checkouts Full call number Barcode Date last seen Price effective from Koha item type
          Koleksioni i përgjithshem UBT - Lipjan UBT - Lipjan Koleksioni i përgjithshem 01/26/2018   628.55 ALL 002-2996544 01/26/2018 01/26/2018 Books
UBT Library © 2015-2024. All rights reserved University Education for Business and Technology